LDR 00996nam a2200253 i 4500 001 000000057375 003 CaOOAMICUS 005 20260522155621.0 008 981022s1984 it u000 u ita u 020 $a88-06-57208-3 040 $aSeMil$bita 245 13$aIl Veneto /$ca cura di Silvio Lanaro. 264 1$aTorino :$bEinaudi,$c1984. 300 $aXIX, 1129 p., [20] c. di tav. :$bill. ;$c22 cm 650 4$aVeneto - Storia - Sec. 19.-20.$0(OLS)http://semarc/subject/60341 700 1 $aLanaro, Silvio.$0(OLS)http://semarc/name/29158 773 0 $tStoria d'Italia.$dTorino : Einaudi, 1977-2002.$w()3449 850 $aSeMil 852 $aSeMil$W1$xVenegono$y1$mSL1.J V 2$j272402$B23529$CSeMilBibl$Z2$F23531 $8I 961 $aAcquisto: Rappresentante 996 $6020$a88-06-57208-3$9(OLS)http://semarc/number/32693 996 $6245$aIl Veneto$9(OLS)http://semarc/title/89294 996 $6264$aTorino :$bEinaudi$9(OLS)http://semarc/publisher/29884